[Event "POL-chT Academic"]
[Site "Chorzow"]
[Date "2022.04.03"]
[Round "7.15"]
[White "Murawko, Katarzyna"]
[Black "Karwowski, Kacper"]
[Result "0-1"]
[WhiteElo "1881"]
[BlackElo "2096"]
[PlyCount "56"]
[EventDate "2022.04.02"]
[EventType "team-swiss (rapid)"]
[EventRounds "9"]
[EventCountry "POL"]
[SourceTitle "EXT 2024"]
[Source "ChessBase"]
[SourceDate "2023.10.10"]
[SourceVersion "1"]
[SourceVersionDate "2023.10.10"]
[SourceQuality "1"]

1. e4 c5 2. Nf3 g6 3. d4 cxd4 4. Nxd4 Nc6 5. Nb3 Bg7 6. c4 Nf6 7. Nc3 d6 8. Be2 0-0 9. 0-0 a5 10. Be3 a4 11. Nd2 Nd7 12. Rc1 Qa5 13. f4 Nc5 14. Qe1 a3 15. b4 Nxb4 16. Nd5 Nbd3 17. Nxe7+ Kh8 18. Qh4 Nxc1 19. Rxc1 Qd8 20. f5 gxf5 21. exf5 Bxf5 22. Nxf5 Qxh4 23. Nxh4 Rfe8 24. Kf2 Rxe3 25. Kxe3 Bh6+ 26. Kd4 Bxd2 27. Rb1 Re8 28. Bf3 Re3 0-1

[Event "POL-ch Academic (Women)"]
[Site "Chorzow"]
[Date "2022.04.02"]
[Round "7"]
[White "Murawko, Katarzyna"]
[Black "Antolak, Julia"]
[Result "0-1"]
[WhiteElo "1881"]
[BlackElo "2115"]
[PlyCount "70"]
[EventDate "2022.04.01"]
[EventType "swiss (rapid)"]
[EventRounds "9"]
[EventCountry "POL"]
[SourceTitle "EXT 2024"]
[Source "ChessBase"]
[SourceDate "2023.10.10"]
[SourceVersion "1"]
[SourceVersionDate "2023.10.10"]
[SourceQuality "1"]

1. e4 c5 2. Nf3 e6 3. d4 cxd4 4. Nxd4 Nf6 5. Bd3 Nc6 6. Nb3 d5 7. exd5 Qxd5 8. 0-0 Be7 9. c4 Qd8 10. Qe2 0-0 11. Rd1 Qc7 12. Nc3 a6 13. Be3 e5 14. Rac1 Bg4 15. f3 Be6 16. Nd5 Bxd5 17. cxd5 Nxd5 18. Bxh7+ Kxh7 19. Rxd5 Kg8 20. Qf2 Qc8 21. Qg3 Qe6 22. Rdd1 Rfd8 23. Re1 Nb4 24. Rc7 b5 25. Rxe7 Qxe7 26. Bc5 Qd7 27. Bxb4 f6 28. Bc3 Rac8 29. h4 Qf7 30. Qg4 Rc4 31. Re4 f5 32. Qg5 Rd1+ 33. Kh2 fxe4 34. Bxe5 exf3 35. gxf3 Rc2+ 0-1

[Event "POL-chT 1st League"]
[Site "Szklarska Poreba"]
[Date "2021.09.05"]
[Round "2.9"]
[White "Murawko, Katarzyna"]
[Black "Kroliczek, Gabriela"]
[Result "1-0"]
[WhiteElo "1974"]
[BlackElo "1889"]
[PlyCount "65"]
[EventDate "2021.09.04"]
[EventType "team-swiss"]
[EventRounds "9"]
[EventCountry "POL"]
[SourceTitle "CBM 204 Extra"]
[Source "ChessBase"]
[SourceDate "2021.11.30"]
[SourceVersion "1"]
[SourceVersionDate "2021.11.30"]
[SourceQuality "1"]
[WhiteTeam "Chrzanow Olimpijczyk"]
[BlackTeam "Rybnik"]
[WhiteTeamCountry "POL"]
[BlackTeamCountry "POL"]

1. e4 e6 2. d4 d5 3. Nc3 Nf6 4. e5 Nfd7 5. f4 c5 6. Nf3 Nc6 7. Be3 Be7 8. Qd2 0-0 9. Nd1 cxd4 10. Nxd4 Nxd4 11. Bxd4 Nc5 12. Nf2 b6 13. 0-0-0 Bb7 14. g4 Qd7 15. g5 Rac8 16. Rg1 Qa4 17. Kb1 Ne4 18. Nxe4 dxe4 19. b3 Qa3 20. Bc4 Bc6 21. g6 hxg6 22. Rxg6 Rfd8 23. Qg2 Kf8 24. Rxg7 Ke8 25. Bxe6 Bd5 26. Rg8+ Bf8 27. Bxc8 Rxc8 28. e6 fxe6 29. Bg7 Kf7 30. Bxf8 Rxf8 31. Rg7+ Ke8 32. Qg6+ Kd8 33. Qxe6 1-0

[Event "Split op 10th"]
[Site "Split"]
[Date "2021.08.01"]
[Round "2"]
[White "Kozak, Antoni"]
[Black "Murawko, Katarzyna"]
[Result "1-0"]
[WhiteElo "2375"]
[BlackElo "2046"]
[PlyCount "83"]
[EventDate "2021.07.31"]
[EventType "swiss"]
[EventRounds "9"]
[EventCountry "CRO"]
[SourceTitle "EXT 2022"]
[Source "ChessBase"]
[SourceDate "2021.10.06"]
[SourceVersion "1"]
[SourceVersionDate "2021.10.06"]
[SourceQuality "1"]

1. d4 d5 2. c4 c6 3. cxd5 cxd5 4. Bf4 e6 5. Nc3 Bd6 6. Bxd6 Qxd6 7. e3 a6 8. Bd3 Nf6 9. f4 b5 10. Nf3 0-0 11. 0-0 Nbd7 12. Ne5 Bb7 13. Rc1 Rac8 14. Rf2 Nb6 15. Rfc2 Ne4 16. Bf1 f6 17. Nd3 Nc4 18. Qe1 e5 19. dxe5 Qb6 20. Nd1 fxe5 21. b3 exf4 22. bxc4 dxc4 23. N3f2 f3 24. Nxe4 Bxe4 25. Rf2 Rc5 26. Nc3 Bb7 27. e4 Rh5 28. g3 Re5 29. Qd2 h5 30. Re1 h4 31. Qe3 Qd8 32. Rxf3 Rfe8 33. Qf2 Qg5 34. Rf4 hxg3 35. hxg3 R5e6 36. a3 Rg6 37. Rf3 Bc8 38. Bg2 Bg4 39. Rf4 Rh6 40. Qd4 Be6 41. Re3 Rd8 42. Nd5 1-0

[Event "Warsaw Maciei Memorial"]
[Site "Warsaw"]
[Date "2021.07.09"]
[Round "4"]
[White "Murawko, Katarzyna"]
[Black "Licznerski, Lukasz"]
[Result "0-1"]
[WhiteElo "2046"]
[BlackElo "2400"]
[PlyCount "66"]
[EventDate "2021.07.09"]
[EventType "swiss (blitz)"]
[EventRounds "11"]
[EventCountry "POL"]
[SourceTitle "CBM 203 Extra"]
[Source "ChessBase"]
[SourceDate "2021.09.30"]
[SourceVersion "1"]
[SourceVersionDate "2021.09.30"]
[SourceQuality "1"]

1. e4 c6 2. d4 d5 3. e5 Bf5 4. h4 h5 5. c4 e6 6. Nc3 Ne7 7. Nge2 Bg4 8. f3 Bf5 9. Bg5 Qb6 10. Qd2 dxc4 11. Ng3 Bd3 12. Bxd3 cxd3 13. Qxd3 Nd7 14. 0-0-0 Nd5 15. Nxd5 cxd5 16. Kb1 Nb8 17. f4 g6 18. Bf6 Rg8 19. Ne2 Nc6 20. g4 hxg4 21. Rhg1 Be7 22. Rxg4 Bxf6 23. exf6 0-0-0 24. Rdg1 Rh8 25. Rc1 Kb8 26. a3 Na5 27. Ka2 Nc4 28. b3 Nd6 29. Nc3 Nf5 30. Rd1 Rc8 31. Na4 Qc6 32. Nc5 Nxd4 33. Qxd4 Qxc5 0-1

[Event "POL-ch Academic (Women)"]
[Site "Chorzow"]
[Date "2021.05.15"]
[Round "8.1"]
[White "Murawko, Katarzyna"]
[Black "Sliwicka, Alicja"]
[Result "0-1"]
[WhiteElo "2046"]
[BlackElo "2346"]
[PlyCount "53"]
[EventDate "2021.05.14"]
[EventType "swiss (rapid)"]
[EventRounds "9"]
[EventCountry "POL"]
[SourceTitle "CBM 202 Extra"]
[Source "ChessBase"]
[SourceDate "2021.07.31"]
[SourceVersion "1"]
[SourceVersionDate "2021.07.31"]
[SourceQuality "1"]

1. e4 c5 2. Nf3 d6 3. d4 cxd4 4. Nxd4 Nf6 5. Nc3 Bd7 6. f3 e5 7. Nb3 Be7 8. Be3 0-0 9. Qd2 a5 10. a4 Bc6 11. Nd5 Bxd5 12. exd5 Ne8 13. Bb5 f5 14. Qf2 Nd7 15. 0-0 Nc7 16. Bxd7 Qxd7 17. c4 Bd8 18. f4 Na6 19. Rfd1 Rc8 20. Rdc1 Kh8 21. Qd2 b6 22. Qf2 Nb4 23. Rc3 Rb8 24. Bd2 Bf6 25. Rh3 Qc8 26. Rc1 e4 27. Bc3 0-1

[Event "Titled Tuesday intern op 09th Mar"]
[Site "Chess.com INT"]
[Date "2021.03.09"]
[Round "6"]
[White "Omariev, Maksim"]
[Black "Murawko, Katarzyna"]
[Result "1-0"]
[WhiteElo "2304"]
[BlackElo "2046"]
[PlyCount "119"]
[EventDate "2021.03.09"]
[EventType "swiss (blitz)"]
[EventRounds "11"]
[EventCountry "USA"]
[SourceTitle "CBM 201 Extra"]
[Source "ChessBase"]
[SourceDate "2021.05.31"]
[SourceVersion "1"]
[SourceVersionDate "2021.05.31"]
[SourceQuality "1"]

1. g4 d5 2. Bg2 Bxg4 3. c4 c6 4. cxd5 cxd5 5. Qb3 Nf6 6. Nc3 Nbd7 7. Nxd5 Nxd5 8. Bxd5 e6 9. Bg2 Bc5 10. Qg3 Bf5 11. Qxg7 Rf8 12. Nf3 Bg6 13. 0-0 Qb6 14. d4 Be7 15. Bg5 Bxg5 16. Nxg5 0-0-0 17. Rfd1 Rg8 18. Qh6 Bf5 19. Nxf7 Rdf8 20. Rac1+ Kb8 21. Qf4+ Ka8 22. Ng5 h6 23. Nf3 Rxg2+ 24. Kxg2 Bh3+ 25. Kxh3 Rxf4 26. Rc8+ Nb8 27. Rg1 Qd6 28. Rgg8 Rf7 29. Ne5 a6 30. Rxb8+ Qxb8 31. Rxb8+ Kxb8 32. Nxf7 Kc7 33. Nxh6 Kd7 34. e3 Kd6 35. Ng4 b5 36. Kg3 Kd5 37. h4 Kc4 38. h5 Kd3 39. h6 Kc2 40. h7 Kxb2 41. h8Q Kxa2 42. Qa8 Kb3 43. Qxa6 b4 44. Ne5 Kc3 45. Qxe6 b3 46. Qxb3+ Kxb3 47. f4 Kb4 48. Kf3 Kb5 49. f5 Kb6 50. f6 Kc7 51. f7 Kd6 52. f8Q+ Kc7 53. Qc5+ Kb7 54. d5 Kb8 55. Qe7 Ka8 56. Ke4 Kb8 57. Kd4 Kc8 58. Kc5 Kb8 59. Kc6 Ka8 60. Qb7# 1-0

[Event "Titled Tuesday intern op 09th Mar"]
[Site "Chess.com INT"]
[Date "2021.03.09"]
[Round "4"]
[White "Stromboli, Ettore"]
[Black "Murawko, Katarzyna"]
[Result "1-0"]
[WhiteElo "2308"]
[BlackElo "2046"]
[PlyCount "77"]
[EventDate "2021.03.09"]
[EventType "swiss (blitz)"]
[EventRounds "11"]
[EventCountry "USA"]
[SourceTitle "CBM 201 Extra"]
[Source "ChessBase"]
[SourceDate "2021.05.31"]
[SourceVersion "1"]
[SourceVersionDate "2021.05.31"]
[SourceQuality "1"]

1. e4 c5 2. Nf3 d6 3. d4 cxd4 4. Nxd4 Nf6 5. f3 g6 6. c4 Bg7 7. Nc3 a6 8. Be3 0-0 9. Be2 Qc7 10. 0-0 Nbd7 11. Rc1 e5 12. Nc2 b6 13. Nb4 Bb7 14. Nbd5 Qd8 15. Qd2 Nh5 16. Rfd1 f5 17. Bg5 Nhf6 18. Nxf6+ Bxf6 19. Bh6 Be7 20. Bxf8 Nxf8 21. Rc2 Ne6 22. Nd5 Nd4 23. Qc3 Bg5 24. Rxd4 exd4 25. Qxd4 fxe4 26. f4 Bh6 27. Qxe4 Bxd5 28. Qxd5+ Kh8 29. Bf3 Rc8 30. g3 Bg7 31. b3 Rc5 32. Qd3 Qe7 33. Rd2 Bf8 34. Kg2 b5 35. Re2 Qd7 36. cxb5 axb5 37. Rd2 Qc7 38. Bd5 Rc3 39. Qe4 1-0

[Event "POL-chT 2nd League"]
[Site "Poronin"]
[Date "2020.09.13"]
[Round "9.4"]
[White "Murawko, Katarzyna"]
[Black "Tarka, Aleksandra"]
[Result "1-0"]
[WhiteElo "2053"]
[BlackElo "1586"]
[PlyCount "93"]
[EventDate "2020.09.05"]
[EventType "team-swiss"]
[EventRounds "9"]
[EventCountry "POL"]
[SourceTitle "CBM 198 Extra"]
[Source "ChessBase"]
[SourceDate "2020.11.30"]
[SourceVersion "1"]
[SourceVersionDate "2020.11.30"]
[SourceQuality "1"]
[WhiteTeam "Chrzanow Olimpijczyk"]
[BlackTeam "Warszawa Czternastka"]
[WhiteTeamCountry "POL"]
[BlackTeamCountry "POL"]

1. d4 f5 2. g3 Nf6 3. Bg2 g6 4. Nf3 Bg7 5. c4 d6 6. Nc3 0-0 7. 0-0 e6 8. Bf4 h6 9. h4 Nh5 10. Qd2 Nxf4 11. Qxf4 Nc6 12. Qd2 Qf6 13. Rad1 e5 14. d5 Nd8 15. Nb5 Qe7 16. b4 a6 17. Nc3 e4 18. Nd4 Qe5 19. e3 c5 20. dxc6 Nxc6 21. Nd5 Rb8 22. Nf4 Ne7 23. f3 Kh7 24. Nde2 exf3 25. Bxf3 Rf6 26. Nd4 Bd7 27. Kf2 Nc6 28. Nd5 Rf7 29. Ne2 Re8 30. Nef4 Bf8 31. Qe2 Rc8 32. Qd3 Re8 33. Rd2 Kg7 34. h5 g5 35. Ng6 Qe6 36. Nc7 Qf6 37. Nxe8+ Bxe8 38. Nxf8 Rxf8 39. Qxd6 Qxd6 40. Rxd6 Nxb4 41. Rb1 Nxa2 42. Rxb7+ Rf7 43. Rg6+ Kf8 44. Rb8 Ke7 45. Bd5 Rf8 46. Re6+ Kd7 47. Rxa6 1-0

[Event "POL-chT 2nd League"]
[Site "Poronin"]
[Date "2020.09.12"]
[Round "8.2"]
[White "Adamczyk, Zuzanna"]
[Black "Murawko, Katarzyna"]
[Result "1/2-1/2"]
[WhiteElo "1849"]
[BlackElo "2053"]
[PlyCount "96"]
[EventDate "2020.09.05"]
[EventType "team-swiss"]
[EventRounds "9"]
[EventCountry "POL"]
[SourceTitle "CBM 198 Extra"]
[Source "ChessBase"]
[SourceDate "2020.11.30"]
[SourceVersion "1"]
[SourceVersionDate "2020.11.30"]
[SourceQuality "1"]
[WhiteTeam "Jastrzebie Zdroj Pionier"]
[BlackTeam "Chrzanow Olimpijczyk"]
[WhiteTeamCountry "POL"]
[BlackTeamCountry "POL"]

1. d4 g6 2. c4 Bg7 3. e4 d6 4. Nc3 Nf6 5. Be2 0-0 6. Be3 Nbd7 7. g4 e5 8. d5 Ne8 9. h4 c5 10. Qd2 Qe7 11. h5 a6 12. 0-0-0 Nc7 13. Kb1 b5 14. Nh3 Nb6 15. Rdg1 Nxc4 16. Bxc4 bxc4 17. Bh6 f6 18. hxg6 hxg6 19. Bxg7 Kxg7 20. f4 Nb5 21. Nf2 Rg8 22. Nfd1 Bd7 23. fxe5 Qxe5 24. Qh6+ Kf7 25. g5 f5 26. Qh7+ Rg7 27. Qh4 Rb8 28. Ka1 Nd4 29. Qf2 Ke7 30. Ne3 Rb4 31. Re1 f4 32. Nf5+ gxf5 33. exf5 Bxf5 34. Rxe5+ dxe5 35. a3 Rb3 36. Ka2 Rg8 37. Na4 Rgb8 38. Qh4 Kd6 39. Qh6+ Kxd5 40. Nc3+ Rxc3 41. bxc3 Ne2 42. Rd1+ Bd3 43. Qh1+ e4 44. Qe1 f3 45. g6 Rg8 46. Ka1 Rxg6 47. Qh4 Rg2 48. Qd8+ Ke5 1/2-1/2

[Event "POL-chT 2nd League"]
[Site "Poronin"]
[Date "2020.09.06"]
[Round "2.1"]
[White "Murawko, Katarzyna"]
[Black "Krupa, Monika"]
[Result "1/2-1/2"]
[WhiteElo "2053"]
[BlackElo "2219"]
[PlyCount "102"]
[EventDate "2020.09.05"]
[EventType "team-swiss"]
[EventRounds "9"]
[EventCountry "POL"]
[SourceTitle "CBM 198 Extra"]
[Source "ChessBase"]
[SourceDate "2020.11.30"]
[SourceVersion "1"]
[SourceVersionDate "2020.11.30"]
[SourceQuality "1"]
[WhiteTeam "Chrzanow Olimpijczyk"]
[BlackTeam "Kopernik WKS"]
[WhiteTeamCountry "POL"]
[BlackTeamCountry "POL"]

1. e4 c5 2. Nf3 Nc6 3. d4 cxd4 4. Nxd4 e5 5. Nb5 d6 6. a4 Nf6 7. N1c3 a6 8. Na3 Bg4 9. f3 Be6 10. Bc4 Qb6 11. Nd5 Bxd5 12. exd5 Ne7 13. c3 Rc8 14. Qd3 g6 15. Be3 Qc7 16. 0-0 Bg7 17. b4 0-0 18. a5 Nd7 19. Rac1 f5 20. Qd2 f4 21. Bf2 Nf5 22. Bd3 Bh6 23. Bxf5 gxf5 24. c4 Nf6 25. c5 Qg7 26. Nc4 Ne4 27. fxe4 f3 28. Be3 f4 29. Rxf3 fxe3 30. Qe2 Rxf3 31. Qxf3 Rf8 32. Qg3 dxc5 33. bxc5 Rf4 34. Qxg7+ Kxg7 35. Nd6 e2 36. g3 Rxe4 37. Nxe4 Bxc1 38. Kf2 Ba3 39. Kxe2 Kf8 40. Kd3 Bb4 41. Kc4 Bxa5 42. d6 Bd8 43. Kd5 a5 44. Kxe5 Kf7 45. Kd5 a4 46. Kc4 Ke6 47. Nc3 a3 48. Kb3 Bf6 49. Ne4 Bd8 50. Nc3 Bf6 51. Na4 Ke5 1/2-1/2

[Event "POL-chT 2nd League"]
[Site "Jastrzebia Gora"]
[Date "2019.09.13"]
[Round "7.15"]
[White "Murawko, Katarzyna"]
[Black "Rykala, Monika"]
[Result "1-0"]
[WhiteElo "2062"]
[BlackElo "1892"]
[PlyCount "89"]
[EventDate "2019.09.07"]
[EventType "team-swiss"]
[EventRounds "9"]
[EventCountry "POL"]
[SourceTitle "EXT 2020"]
[Source "ChessBase"]
[SourceDate "2019.10.17"]
[SourceVersion "1"]
[SourceVersionDate "2019.10.17"]
[SourceQuality "1"]
[WhiteTeam "Chrzanow Olimpijczyk"]
[BlackTeam "Minsk Mazowiecki MTSz"]
[WhiteTeamCountry "POL"]
[BlackTeamCountry "POL"]

1. e4 c6 2. d4 d5 3. Nc3 dxe4 4. Nxe4 Nf6 5. Ng3 h5 6. Bc4 h4 7. N3e2 Bf5 8. h3 e6 9. Nf3 Bd6 10. Bd3 Ne4 11. c3 Be7 12. Bf4 Nd6 13. Bxf5 Nxf5 14. Qc2 Qa5 15. b4 Qd8 16. Rb1 Nd7 17. b5 Nb6 18. bxc6 bxc6 19. Ne5 Rc8 20. 0-0 0-0 21. Rfd1 Bg5 22. Qe4 Nd5 23. Bxg5 Qxg5 24. c4 Nb6 25. c5 Nd5 26. Rb7 Qh5 27. Rd2 a5 28. a3 Qh6 29. Rc2 Nfe7 30. Ra7 Ra8 31. Rb7 f5 32. Qd3 a4 33. Rcb2 f4 34. Qf3 Qg5 35. Qg4 Qxg4 36. hxg4 g5 37. f3 Rfe8 38. Kf2 Kf8 39. Kf1 Ne3+ 40. Kg1 N3d5 41. Kh2 Red8 42. Ng1 Nf6 43. Nh3 Nh7 44. Rxe7 Kxe7 45. Rb7+ 1-0

[Event "POL-chT 2nd League"]
[Site "Jastrzebia Gora"]
[Date "2019.09.12"]
[Round "6.11"]
[White "Murawko, Katarzyna"]
[Black "Pastuszko, Kinga"]
[Result "0-1"]
[WhiteElo "2062"]
[BlackElo "1998"]
[PlyCount "58"]
[EventDate "2019.09.07"]
[EventType "team-swiss"]
[EventRounds "9"]
[EventCountry "POL"]
[SourceTitle "EXT 2020"]
[Source "ChessBase"]
[SourceDate "2019.10.17"]
[SourceVersion "1"]
[SourceVersionDate "2019.10.17"]
[SourceQuality "1"]
[WhiteTeam "Chrzanow Olimpijczyk"]
[BlackTeam "Konin UKS Smecz"]
[WhiteTeamCountry "POL"]
[BlackTeamCountry "POL"]

1. e4 c5 2. Nf3 d6 3. d4 cxd4 4. Nxd4 Nf6 5. Nc3 a6 6. f3 e5 7. Nb3 Be6 8. Bg5 Nbd7 9. Qd2 Be7 10. 0-0-0 Qc7 11. g4 Rc8 12. Be3 b5 13. Qf2 0-0 14. g5 Nh5 15. Nd5 Bxd5 16. Rxd5 f5 17. exf5 Qc6 18. Qd2 Nb6 19. Rd3 Nc4 20. Qf2 Nxe3 21. f6 Bxf6 22. gxf6 Nxf6 23. Bh3 Ne4 24. Qe2 Rxf3 25. Bxc8 Rf2 26. Be6+ Kh8 27. Bd5 Nxd5 28. Rf1 Nf4 29. Rxf2 Nxf2 0-1

[Event "Bratislava Slovan op"]
[Site "Bratislava"]
[Date "2018.04.29"]
[Round "4"]
[White "Suliborski, Jakub"]
[Black "Murawko, Katarzyna"]
[Result "1/2-1/2"]
[WhiteElo "2122"]
[BlackElo "2037"]
[PlyCount "20"]
[EventDate "2018.04.27"]
[EventType "swiss"]
[EventRounds "9"]
[EventCountry "SVK"]
[SourceTitle "EXT 2023"]
[Source "ChessBase"]
[SourceDate "2022.10.05"]
[SourceVersion "1"]
[SourceVersionDate "2022.10.05"]
[SourceQuality "1"]

1. e4 c5 2. Nf3 d6 3. Bb5+ Bd7 4. Bxd7+ Qxd7 5. 0-0 Nc6 6. c3 Nf6 7. Qe2 e5 8. d4 cxd4 9. cxd4 Be7 10. Nc3 0-0 1/2-1/2

[Event "POL-chT Academic"]
[Site "Katowice"]
[Date "2018.02.03"]
[Round "4.18"]
[White "Zmarzly, Aleksandra"]
[Black "Murawko, Katarzyna"]
[Result "0-1"]
[WhiteElo "1962"]
[BlackElo "2037"]
[PlyCount "48"]
[EventDate "2018.02.03"]
[EventType "team-swiss (rapid)"]
[EventRounds "9"]
[EventCountry "POL"]
[SourceTitle "CBM 182 Extra"]
[Source "ChessBase"]
[SourceDate "2018.02.23"]
[SourceVersion "1"]
[SourceVersionDate "2018.02.23"]
[SourceQuality "1"]
[WhiteTeam "Wroclaw PWr"]
[BlackTeam "Warszawa UW"]
[WhiteTeamCountry "POL"]
[BlackTeamCountry "POL"]

1. d4 c5 2. d5 d6 3. c4 e5 4. Nc3 g6 5. g3 Bg7 6. Bg2 Ne7 7. Nf3 0-0 8. 0-0 h6 9. h4 f5 10. Nh2 Nd7 11. e4 Nf6 12. Qe2 a6 13. a4 Bd7 14. f4 Nh5 15. Qe1 exf4 16. gxf4 fxe4 17. Nxe4 Nf5 18. Bf3 Re8 19. Qd1 Bd4+ 20. Kh1 Nhg3+ 21. Nxg3 Nxg3+ 22. Kg2 Nxf1 23. Kxf1 Qxh4 24. Qd2 Qg3 0-1

[Event "POL-ch Academic (Women)"]
[Site "Katowice"]
[Date "2018.02.02"]
[Round "5"]
[White "Milkowska, Ernesta"]
[Black "Murawko, Katarzyna"]
[Result "0-1"]
[WhiteElo "1783"]
[BlackElo "2037"]
[PlyCount "80"]
[EventDate "2018.02.02"]
[EventType "swiss (rapid)"]
[EventRounds "9"]
[EventCountry "POL"]
[SourceTitle "CBM 182 Extra"]
[Source "ChessBase"]
[SourceDate "2018.02.23"]
[SourceVersion "1"]
[SourceVersionDate "2018.02.23"]
[SourceQuality "1"]

1. c4 c5 2. g3 d6 3. Bg2 g6 4. Nc3 Bg7 5. d3 Nc6 6. e4 e6 7. f4 Nge7 8. Nf3 0-0 9. 0-0 f5 10. Ne2 e5 11. Rb1 h6 12. b3 Kh7 13. h3 Be6 14. Kh2 Qd7 15. Be3 a6 16. Qd2 Rae8 17. fxe5 Nxe5 18. Nxe5 dxe5 19. Bxc5 fxe4 20. Bxe4 Bxh3 21. Rxf8 Bxf8 22. Ng1 Bf5 23. Re1 Bg7 24. Nf3 Nc6 25. Bd5 Bg4 26. Rf1 Be6 27. Be4 Bf5 28. Bd5 Nd4 29. Nh4 Bf6 30. Qf2 Bxh4 31. gxh4 Qc7 32. Bxd4 exd4+ 33. Kh1 Re3 34. Qf4 Qe7 35. Qxd4 Rh3+ 36. Kg1 Rxh4 37. Rf4 Qe1+ 38. Kg2 Qd2+ 39. Kf1 Rxf4+ 40. Qxf4 Qxf4+ 0-1

[Event "POL-ch Academic (Women)"]
[Site "Katowice"]
[Date "2018.02.02"]
[Round "6"]
[White "Murawko, Katarzyna"]
[Black "Kulon, Klaudia"]
[Result "0-1"]
[WhiteElo "2037"]
[BlackElo "2364"]
[PlyCount "74"]
[EventDate "2018.02.02"]
[EventType "swiss (rapid)"]
[EventRounds "9"]
[EventCountry "POL"]
[SourceTitle "CBM 182 Extra"]
[Source "ChessBase"]
[SourceDate "2018.02.23"]
[SourceVersion "1"]
[SourceVersionDate "2018.02.23"]
[SourceQuality "1"]

1. e4 e5 2. Nf3 Nc6 3. Bb5 a6 4. Ba4 d6 5. d3 Bd7 6. c3 g6 7. 0-0 Bg7 8. d4 Nf6 9. Re1 0-0 10. Nbd2 Nh5 11. Nf1 b5 12. Bb3 Na5 13. Bc2 c5 14. Ng3 Nf4 15. dxe5 dxe5 16. Be3 Qc7 17. b3 Bg4 18. Qc1 Bxf3 19. gxf3 Rad8 20. Ne2 Qe7 21. Bxf4 exf4 22. Qxf4 b4 23. Rad1 bxc3 24. Ng3 Nc6 25. Nf1 Be5 26. Qg4 Nb4 27. Ne3 Rd2 28. Rxd2 cxd2 29. Rd1 Rd8 30. a3 h5 31. Qh3 Nxc2 32. Nxc2 Qb7 33. b4 Qc6 34. Qf1 c4 35. Qe2 c3 36. Qe3 Qa4 37. Qg5 Re8 0-1

[Event "POL-chT 2nd League"]
[Site "Szklarska Poreba"]
[Date "2017.09.07"]
[Round "6.7"]
[White "Moscicka, Pola"]
[Black "Murawko, Katarzyna"]
[Result "0-1"]
[WhiteElo "1894"]
[BlackElo "1988"]
[PlyCount "88"]
[EventDate "2017.09.02"]
[EventType "team-swiss"]
[EventRounds "9"]
[EventCountry "POL"]
[SourceTitle "CBM 180 Extra"]
[Source "ChessBase"]
[SourceDate "2017.10.06"]
[SourceVersion "1"]
[SourceVersionDate "2017.10.06"]
[SourceQuality "1"]
[WhiteTeam "Chylice Laura"]
[BlackTeam "Debica Gryf"]
[WhiteTeamCountry "POL"]
[BlackTeamCountry "POL"]

1. d4 Nf6 2. c4 e6 3. g3 d5 4. Nf3 Nbd7 5. Qc2 c6 6. Nbd2 Bd6 7. Bg2 0-0 8. 0-0 Re8 9. b3 e5 10. dxe5 Nxe5 11. Bb2 Ng6 12. Rfe1 Ne4 13. Nd4 Bb4 14. Bxe4 dxe4 15. Red1 Qe7 16. Nf1 Bh3 17. Ne3 Qg5 18. Kh1 Bc5 19. a3 f5 20. Rg1 Rad8 21. Rad1 Kh8 22. b4 Bd6 23. c5 Be5 24. Nc4 Bc7 25. Qc3 Ne5 26. Ne3 Qf6 27. Qb3 h5 28. b5 h4 29. gxh4 f4 30. Nd5 Rxd5 31. Qxh3 Red8 32. Rde1 Rxd4 33. Bxd4 Rxd4 34. Qc8+ Qd8 35. Qe6 Qd7 36. Qb3 f3 37. Rg5 g6 38. h5 Qh3 39. Rg3 Qf5 40. Qe3 Rd7 41. Reg1 Qxh5 42. Qc3 Rh7 43. R1g2 fxg2+ 44. Rxg2 Qxe2 0-1

[Event "POL-chT 2nd League"]
[Site "Szklarska Poreba"]
[Date "2017.09.02"]
[Round "1.4"]
[White "Murawko, Katarzyna"]
[Black "Dziodzio, Angelika"]
[Result "1-0"]
[WhiteElo "1988"]
[BlackElo "2108"]
[PlyCount "85"]
[EventDate "2017.09.02"]
[EventType "team-swiss"]
[EventRounds "9"]
[EventCountry "POL"]
[SourceTitle "CBM 180 Extra"]
[Source "ChessBase"]
[SourceDate "2017.10.06"]
[SourceVersion "1"]
[SourceVersionDate "2017.10.06"]
[SourceQuality "1"]
[WhiteTeam "Debica Gryf"]
[BlackTeam "Nowy Sacz Sandecja"]
[WhiteTeamCountry "POL"]
[BlackTeamCountry "POL"]

1. e4 c5 2. Nf3 Nc6 3. c3 d5 4. exd5 Qxd5 5. d4 cxd4 6. cxd4 e5 7. Nc3 Bb4 8. Bd2 Bxc3 9. Bxc3 e4 10. Ne5 Nxe5 11. dxe5 Ne7 12. Qc2 Qc6 13. Rd1 Nf5 14. Be2 0-0 15. 0-0 e3 16. Bd3 Qb6 17. Rde1 exf2+ 18. Qxf2 Qxf2+ 19. Rxf2 Nh6 20. h3 Be6 21. b3 a5 22. Be4 a4 23. b4 Rac8 24. Bd4 Rfd8 25. Bc5 Rd7 26. g4 g6 27. Kg2 Kg7 28. Re3 Re8 29. Bd6 Rc8 30. Rc2 Rxc2+ 31. Bxc2 Bd5+ 32. Kg3 b5 33. a3 Ng8 34. Rd3 Be6 35. Rc3 f6 36. Rc5 Rb7 37. Be4 Rf7 38. Rxb5 f5 39. Bf3 fxg4 40. hxg4 Ne7 41. Ra5 Bb3 42. e6 Bxe6 43. Re5 1-0

[Event "Suwalki Warakomska Memorial-B 1st"]
[Site "Suwalki"]
[Date "2017.08.18"]
[Round "9"]
[White "Wolanski, Michal"]
[Black "Murawko, Katarzyna"]
[Result "0-1"]
[WhiteElo "1920"]
[BlackElo "1967"]
[PlyCount "44"]
[EventDate "2017.08.11"]
[EventType "swiss"]
[EventRounds "9"]
[EventCountry "POL"]
[SourceTitle "CBM 180 Extra"]
[Source "ChessBase"]
[SourceDate "2017.10.06"]
[SourceVersion "1"]
[SourceVersionDate "2017.10.06"]
[SourceQuality "1"]

1. c4 c5 2. Nc3 g6 3. g3 Bg7 4. Bg2 Nc6 5. a3 e6 6. b4 cxb4 7. axb4 Nxb4 8. Qa4 Nc6 9. Ba3 Nge7 10. Nb5 0-0 11. Bd6 Nf5 12. Rb1 Nxd6 13. Nxd6 b6 14. Nf3 Rb8 15. 0-0 a6 16. e3 Qc7 17. Qa3 Bb7 18. d4 Ba8 19. Rfc1 Rfd8 20. c5 bxc5 21. dxc5 Qa5 22. Rxb8 Qxa3 0-1